Central Library OPAC University of Rajshahi

How to dissect : (Record no. 61284)

MARC details
000 -LEADER
fixed length control field 01044nam a2200301 a 4500
001 - CONTROL NUMBER
control field 61284
003 - CONTROL NUMBER IDENTIFIER
rucl marc code BD-RjUL
005 - DATE AND TIME OF LATEST TRANSACTION
control field 20211209080937.0
008 - FIXED-LENGTH DATA ELEMENTS--GENERAL INFORMATION
fixed length control field 170116s1986 nyua j 001 0 eng d
020 ## - INTERNATIONAL STANDARD BOOK NUMBER
International Standard Book Number 0668059397
International Standard Book Number 0668059419
035 ## - SYSTEM CONTROL NUMBER
System control number (BD-RjUL)61408
040 ## - CATALOGING SOURCE
Original cataloging agency DLC
Transcribing agency DLC
Modifying agency DLC
Language of cataloging eng
041 ## - LANGUAGE CODE
Language code of text/sound track or separate title eng
082 00 - DEWEY DECIMAL CLASSIFICATION NUMBER
Classification number 591.4078
Edition number 23
Author mark and year BEH 1986
100 1# - MAIN ENTRY--PERSONAL NAME
Personal name Berman, William.
9 (RLIN) 182780
245 10 - TITLE STATEMENT
Title How to dissect :
Remainder of title exploring with probe and scalpel /
Statement of responsibility, etc. William Berman.
250 ## - EDITION STATEMENT
Edition statement 4th ed.
260 ## - PUBLICATION, DISTRIBUTION, ETC. (IMPRINT)
Place of publication, distribution, etc. New York :
Name of publisher, distributor, etc. Arco Pub.,
Date of publication, distribution, etc. 1986
300 ## - PHYSICAL DESCRIPTION
Pagination xii, 223 p. :
Illustrations ill. ;
Size 24 cm.
500 ## - GENERAL NOTE
General note Includes index.
520 ## - SUMMARY, ETC.
Summary, etc. A guide for dissecting animals, beginning with the earthworm and progressing to more complex anatomies such as grasshopper, starfish, perch, and ultimately a fetal pig. Includes a chapter on dissecting flowers.
650 #0 - SUBJECT ADDED ENTRY--TOPICAL TERM
Topical term or geographic name as entry element Dissection
General subdivision Juvenile literature.
9 (RLIN) 182781
Topical term or geographic name as entry element Dissection.
9 (RLIN) 182782
Topical term or geographic name as entry element Anatomy.
9 (RLIN) 182783
942 ## - ADDED ENTRY ELEMENTS (KOHA)
Source of classification or shelving scheme Dewey Decimal Classification
Koha item type Books
Holdings
Lost status Source of classification or shelving scheme Damaged status Not for loan Collection code Permanent Location Current Location Shelving location Date acquired Source of acquisition Cost, normal purchase price Total Checkouts Full call number Date last seen Copy number Koha item type
  Dewey Decimal Classification   Not For Loan Non-fiction Central Library, University of Rajshahi Central Library, University of Rajshahi Reading Room 09/06/1988 Mannan 5.67   591.4078 BEH 1986 16/01/2017 C-1 Books
  Dewey Decimal Classification     Non-fiction Central Library, University of Rajshahi Central Library, University of Rajshahi   09/12/1985 Tappan 6.95   591.4078 BEH 1986 20/03/2017 C-2 Books